| 000 | 00629nam a2200217 a 4500 | ||
|---|---|---|---|
| 005 | 20170914161539.0 | ||
| 008 | 140221b1981 ck ||||| |||| 00| 0 spa d | ||
| 040 |
_aCO-BoIAVH _cCO-BoIAVH |
||
| 041 | _aspa | ||
| 044 | _ack | ||
| 082 |
_a584.9 _bL92m |
||
| 100 | _aHidalgo López, Oscar | ||
| 245 | 1 | 0 | _aManual de construcción con bambú |
| 260 |
_aBogotá _bUniversidad Nacional de Colombia _bCIBAM _c1981 |
||
| 300 | _a71 páginas | ||
| 650 | 1 | 4 | _aBambúes |
| 650 | 1 | 4 | _aPlantas útiles |
| 650 | 1 | 4 |
_aConstrución _vRural |
| 650 | 1 | 4 |
_aRecursos naturales _vUso sostenible |
| 942 |
_cLIBRO _2ddc |
||
| 999 |
_c617 _d617 |
||